000 00237 a2200109 4500
005 20260309133612.0
100 _aIqbal, Arslan (111042)
245 _aBank Alfalah Limited
260 _aMultan:
_bAUMC,
_c2014
300 _a51p
942 _cSP
999 _c47108
_d47108